| 000 | 00489nam a2200193Ia 4500 | ||
|---|---|---|---|
| 003 | OSt | ||
| 005 | 20230608115748.0 | ||
| 008 | 210423s2003 xx 000 0 und d | ||
| 040 | _cAL | ||
| 082 |
_a000 RAVH _223 |
||
| 100 |
_aRAVI (N) _9122600 |
||
| 245 | _aHindu speaks on scientific facts | ||
| 260 |
_aChennai _bKing Books _c2003 |
||
| 300 |
_axix,356 _bPB |
||
| 365 |
_b150 _cINR |
||
| 650 |
_aGeneral _9122601 |
||
| 906 | _afacts. ; Hindu ; scientific ; speaks | ||
| 942 |
_2ddc _cBK |
||
| 999 |
_c173987 _d173987 |
||